| Tag |
First Indicator |
Second Indicator |
Subfields |
| LEADER |
00000cam a2200000 i 4500 |
| 001 |
in00004811921 |
| 008 |
821216s1982 dcua b f000 0 eng d |
| 005 |
20240807191540.8 |
| 010 |
|
|
|a 2018410759
|
| 035 |
|
|
|a (OCoLC)ocm09059201
|
| 040 |
|
|
|a GPO
|b eng
|e rda
|c GPO
|d VPI
|d OCLCQ
|d OCLCF
|d OCLCO
|d OCLCQ
|d ESU
|d COF
|d UMK
|d OCLCQ
|d DLC
|d OCLCQ
|
| 029 |
1 |
|
|a AU@
|b 000002498937
|
| 035 |
|
|
|a (OCoLC)09059201
|
| 050 |
|
4 |
|a VM163
|b .C737 1982
|
| 074 |
|
|
|a 1072-A (microfiche)
|
| 082 |
1 |
4 |
|a 623.84
|
| 086 |
0 |
|
|a Y 3.Sh 6:SSC-308
|
| 086 |
0 |
|
|a Y 3.SH 6:6 SSC-308
|
| 049 |
|
|
|a MAIN
|
| 245 |
0 |
0 |
|a Criteria for hull-machinery rigidity compatibility.
|
| 264 |
|
1 |
|a [Washington, D.C.] :
|b Ship Structure Committee ;
|c 1982.
|
| 264 |
|
2 |
|a [Springfield, Va.] :
|b [National Technical Information Service, distributor],
|c 1982.
|
| 300 |
|
|
|a xii, 162 pages :
|b illustrations ;
|c 28 cm
|
| 336 |
|
|
|a text
|b txt
|2 rdacontent
|
| 337 |
|
|
|a unmediated
|b n
|2 rdamedia
|
| 338 |
|
|
|a volume
|b nc
|2 rdacarrier
|
| 490 |
1 |
|
|a SSC ;
|v 308
|
| 500 |
|
|
|a Cover title.
|
| 500 |
|
|
|a "1981."
|
| 504 |
|
|
|a Includes bibliographical references.
|
| 500 |
|
|
|a Contract numbers: DOT-CG-912506-A.
|
| 590 |
|
|
|b TAG Physical Holdings 2
|
| 650 |
|
0 |
|a Hulls (Naval architecture)
|0 http://id.loc.gov/authorities/subjects/sh85062831
|
| 650 |
|
7 |
|a Hulls (Naval architecture)
|2 fast
|0 (OCoLC)fst00962766
|
| 655 |
|
0 |
|a Government publications
|
| 710 |
1 |
|
|a United States.
|b Ship Structure Committee.
|0 http://id.loc.gov/authorities/names/n84165391
|
| 830 |
|
0 |
|a Ship Structure Committee publications ;
|v SSC-308.
|0 http://id.loc.gov/authorities/names/n86727942
|
| 994 |
|
|
|a 92
|b TAG
|
| 852 |
|
|
|a TAG
|b TAGC
|c galv,stk
|h VM7 .S54 no. 308
|t c.1
|
| 876 |
|
|
|c 36.23
|p 33620000488557
|x replacement list (2/6/96)
|v unmediated -- volume
|
| 999 |
f |
f |
|s 1932657d-be40-4c9b-87a5-a959711f1e1f
|i b7120d6b-1fb0-4306-84bd-ac2ec2e9e7e8
|t 0
|
| 952 |
f |
f |
|p normal
|a Texas A&M University
|b Galveston Campus
|c Jack K. Williams Library
|d Galveston Stacks
|t 0
|e VM7 .S54 no. 308
|h Library of Congress classification
|i unmediated -- volume
|m 33620000488557
|
| 998 |
f |
f |
|a VM7 .S54 no. 308
|t 0
|l Galveston Stacks
|